Normal view
MARC view
- World Bank Group,
Entry Personal Name
001 - CONTROL NUMBER
- control field: 10227
003 - CONTROL NUMBER IDENTIFIER
- control field: NUST
005 - DATE AND TIME OF LATEST TRANSACTION
- control field: 20180418045602.0
008 - FIXED-LENGTH DATA ELEMENTS
- fixed length control field: 180418|| aca||aabn | a|a d
040 ## - CATALOGING SOURCE
- Original cataloging agency: NUST
- Transcribing agency: NUST
100 ## - HEADING--PERSONAL NAME
- Personal name: World Bank Group,
- Relator term: issuing body.
670 ## - SOURCE DATA FOUND
- Source citation: Work cat.: (NUST)0: World Bank Group, issuing body., Global economic prospects.
